000 00476nam a2200181Ia 4500
003 GCL
008 140319s9999 xx 000 0 ara d
040 _aGCL /
_cGCL
082 0 4 _a843
_bس ا
100 1 _aهنرى زغيب
245 1 0 _aالاحمر و الاسود /
_cهنرى زغيب
700 1 _aستاندال
300 _a895 ص
490 _a
650 0 4 _aالقصص الفرنسية
650 0 4 _aالادب الفرنسى المترجم
942 _2ddc
_cBK
999 _c40620
_d40620